00992nam a22002057a 4500999001700000005001700017010001300034020002300047035002300070035001300093037001800106082001200124245014200136260003300278300002400311942002600335952013700361952014800498952014000646 c64231d6423120190702130140.0 aB-226240 a8172681240c700.00 aB-226239, B-226246 aB-226240 bBPPD/Purchase a181.432 aThe Yoga darsana of Patanjali :bWith the Sankhya pravacana commentary of Vyasa and the gloss of Vacaspati Misra /cTran. by Rama Prasada aNew DelhibLogos Pressc2005 axiv, 328p.c26 cms. 2ddccENh181.432mPAT 001040708NFICaZLSbZLSd2012-03-21g700.00l4m3o181.432 PATpB-226239r2020-10-12 00:00:00s2020-09-05v700.00w2012-03-21yEN 001040708NFICaBL4bBL4d2018-08-13eBPPD/PUBg700.00l9m13o181.432 PATpB-226246r2025-10-21 00:00:00s2025-09-01v700.00w2018-08-13yEN 001040708NFICaRKPbRKPd2019-07-02eBPPD/Purchaseg700.00l1o181.432 PATpB-226240r2019-07-17 00:00:00s2019-07-02t1v700.00yEN